[Event "GER-chT U12"]
[Site "Magdeburg"]
[Date "2018.12.27"]
[Round "1.3"]
[White "Zielke, Ansgar"]
[Black "Kovalenko, David"]
[Result "0-1"]
[WhiteElo "1642"]
[BlackElo "1246"]
[PlyCount "116"]
[EventDate "2018.12.27"]
[EventType "team-swiss"]
[EventRounds "7"]
[EventCountry "GER"]
[SourceTitle "CBM 188 Extra"]
[Source "ChessBase"]
[SourceDate "2019.02.28"]
[SourceVersion "1"]
[SourceVersionDate "2019.02.28"]
[SourceQuality "1"]
[WhiteTeam "Lichtenberg Borussia"]
[BlackTeam "Duesseldorf SV"]
[WhiteTeamCountry "GER"]
[BlackTeamCountry "GER"]

1. d4 d5 2. c4 e6 3. Nc3 Nf6 4. Nf3 c5 5. e3 Nc6 6. Be2 Bd6 7. 0-0 Qc7 8. dxc5 Bxc5 9. cxd5 Ne7 10. d6 Qxd6 11. e4 Qb6 12. Na4 Qc7 13. Nxc5 Qxc5 14. Be3 Qc7 15. Rc1 Qd7 16. e5 Nfd5 17. Bc5 b6 18. Bd6 0-0 19. a4 Bb7 20. Bb5 Qd8 21. Bc7 Nxc7 22. Qxd8 Rfxd8 23. Rxc7 Bxf3 24. Rxe7 Bd5 25. Rc1 Rac8 26. Rxc8 Rxc8 27. h3 a5 28. Ba6 Rd8 29. Bb7 g5 30. g3 Kg7 31. f4 gxf4 32. gxf4 Kg6 33. Bxd5 exd5 34. Rb7 d4 35. Rxb6+ Kf5 36. Rf6+ Ke4 37. Kf2 d3 38. Ke1 Ke3 39. Rb6 Rc8 40. Kd1 Rc2 41. Rb3 Rd2+ 42. Ke1 Rh2 43. Kf1 Rh1+ 44. Kg2 Rd1 45. f5 Ke2 46. e6 d2 47. exf7 Rg1+ 48. Kxg1 d1Q+ 49. Kg2 Qd5+ 50. Kh2 Qxf7 51. Rg3 Qxf5 52. Rg2+ Ke3 53. Rg3+ Ke4 54. Rg4+ Ke5 55. Kg3 h5 56. Rg7 h4+ 57. Kxh4 Qf6+ 58. Rg5+ Kf4 0-1